000 00560ntaaa2200217 4500
003 01
005 20251027202752.0
008 0714s1973 ag 01
020 _a0300016921
040 _aAR-BaBN
_bspa
_cAR-BaBN
_eaacr
_dRIC
082 _a801.9500 H61v
100 _aHirsch, E.D.
_927800
245 _aValidity in interpretation
250 _a1 ed.
260 _aNew Haven :
_bYale University Press,
_c1967
300 _a287 p ;
_c20 cm
500 _aIndice: p. 275-287
650 _aliteratura-analisis
650 _ainterpretación
_95520
942 _cBK
999 _c22961
_d22961